000 00797nam a2200253Ia 4500
003 OSt
005 20220923212939.0
006 a|||||r|||| 00| 0
007 ta
008 220922b |||||||| |||| 00| 0 hin d
024 _a157,233
037 _cTextual
040 _aARTS
_cARTS
_bhin
041 _2hin
_ahin
082 _aO152:gN5, N1
100 _aषण्मुखन, एम
245 0 _aमूल्यबोध की नई दिशाएं
246 _aMūlyabodh kī naī dishāean
260 _aदिल्ली
_b नवोदय प्रकाशन
_c1991
300 _a88 पृ.
_ccm.
650 _aहिन्दी साहित्य
_9156264
942 _hO152:gN5, N1
_cTEXL
_2CC
999 _c312450
_d312450